000 01048pam a2200265 a 4500
999 _c4335
_d4335
001 4469796
003 GBCCL
005 20241126110516.0
008 960214r19961909miu b 000 0 eng
010 _a 96010313
020 _a0825436362
040 _aDLC
_cDLC
_dDLC
050 0 0 _aBS2735.2
_b.R35 1996
082 0 0 _a227.8307
_220
_bRAM
100 1 _aRamsay, William Mitchell,
_cSir,
_d1851-1939.
_98171
245 1 0 _aHistorical commentary on the Pastoral Epistles /
_cWilliam M. Ramsay.
260 _aGrand Rapids, MI :
_bKregel Publications,
_cc1996.
300 _a160 p. ;
_c22 cm.
500 _aPreviously "published in The expositor, seventh series, 7 and 8 (1909); 9 (1910); eighth series, 1 (1911)"--Introd.
504 _aIncludes bibliographical references (p. 152-160).
630 0 0 _aBible.
_pPastoral Epistles
_xCriticism, interpretation, etc.
_98172
906 _a7
_bcbc
_corignew
_d1
_eocip
_f19
_gy-gencatlg
942 _2ddc
_cBK
_04